Statistiques concernant Pays ayant le plus haut taux de mortalité infantile

Cliquez ici pour prendre le quiz!

Statistiques générales

  • Ce quiz a été pris 114 fois
  • Le résultat moyen est 6 sur 10

Statistiques - réponses

Taux de mortalité (pour 1000 naissances)Pays% Correct
109.98Niger
82%
103.72Somalie
81%
109.08Mali
72%
93.61Tchad
69%
79.84Burkina Faso
56%
97.17République Centrafricaine
54%
79.02Malawi
47%
83.53Angola
45%
121.63Afghanistan
43%
94.40Guinée-Bissao
41%

Distribution des résultats

Percentile par nombre de réponses

% des personnes avec chaque résultat

Votre développement - résultats

Vous n’avez pas pris ce quiz